Gender and health economics / (Record no. 38697)

MARC details
000 -LEADER
fixed length control field 00819nam a22002297a 4500
005 - DATE AND TIME OF LATEST TRANSACTION
control field 20100802144551.0
010 ## - LCCN (DPL NO)
LC control number ENG-97790
020 ## - INTERNATIONAL STANDARD BOOK NUMBER
International Standard Book Number 9788190869348
Terms of availability 150.00
035 ## - SYSTEM CONTROL NUMBER
System control number EN-81323
037 ## - SOURCE OF ACQUISITION
Source of stock number/acquisition DBAD/PUB
082 ## - DEWEY DECIMAL CLASSIFICATION NUMBER
Classification number 338.433621
100 ## - MAIN ENTRY--PERSONAL NAME
Personal name Gopikala, K.
245 ## - TITLE STATEMENT
Title Gender and health economics /
Statement of responsibility, etc by K. Gopakala
260 ## - PUBLICATION, DISTRIBUTION, ETC. (IMPRINT)
Place of publication, distribution, etc Chennai
Name of publisher, distributor, etc Velicham
Date of publication, distribution, etc 2008
270 ## - ADDRESS
Address Velicham, 137, (Old No.54), IInd Floor, Jani Jan Khan Road, Royapettah
City Chennai
Postal code 600014
300 ## - PHYSICAL DESCRIPTION
Extent 174p.
Dimensions 21cm (pbk)
500 ## - GENERAL NOTE
General note includes references
650 ## - SUBJECT ADDED ENTRY--TOPICAL TERM
Topical term or geographic name as entry element Health Economic
650 ## - SUBJECT ADDED ENTRY--TOPICAL TERM
Topical term or geographic name as entry element Health care
942 ## - ADDED ENTRY ELEMENTS (KOHA)
Source of classification or shelving scheme Dewey Decimal Classification
Item type English Books
Classification part 338.433621
Call number suffix GOP
Holdings
Withdrawn status Lost status Not for loan Collection code Home library Current library Date acquired Source of acquisition Cost, normal purchase price Full call number Barcode Copy number Cost, replacement price Koha item type
    Not For Loan Non-fiction D.B.Act.Division D.B.Act.Division 02/08/2010 DBAD/PUB 150.00 338.433621 GOP EN-81323 1 150.00 English Books

© Delhi Public Library
Hit Counter
free hit counter